| 000 | nam a22 7a 4500 | ||
|---|---|---|---|
| 999 |
_c234633 _d234633 |
||
| 003 | Nust | ||
| 005 | 20170328125751.0 | ||
| 008 | 170328b xxu||||| |||| 00| 0 eng d | ||
| 020 | _a978-81-7754-414-5 | ||
| 040 | _cASAB | ||
| 082 | _a630 | ||
| 245 |
_aachieving sustainability in agriculture _bissue challenges and opportunities _cby V.C. Sriastava |
||
| 300 | _a347 p | ||
| 942 |
_2ddc _cBK |
||